| 000 | 00813nam a2200217 a 4500 | ||
|---|---|---|---|
| 001 | 000027271 | ||
| 005 | 20240410073847.0 | ||
| 008 | 110330s1945 dr ac 000 0 spa d | ||
| 040 |
_aDO-SdBNP _bspa _cBNPHU |
||
| 082 |
_a923.27293 _bD812h, 1945 |
||
| 100 | 1 |
_aHenríquez i Carvajal, Federico, _d1848-1952 _97792 |
|
| 245 | 1 | 0 |
_aDuarte : _bpróceres, héroes i mártires de la independencia / _cFederico Henríquez i Carvajal. |
| 250 | _a2ª ed. | ||
| 260 |
_aCiudad Trujillo, República Dominicana : _bImprenta San Francisco, _c1945. |
||
| 300 |
_a243 p. : _bil., retr. ; _c21 cm. |
||
| 500 | _aIncluye índice de nombres | ||
| 600 | 1 | 0 |
_aDuarte, Juan Pablo, _d1813-1876 _91494 |
| 651 | 0 |
_aRepública Dominicana -- _xHistoria -- _y1844-1930 _91009 |
|
| 910 | _aValidado. Control de calidad EMS | ||
| 049 | _aBNPD | ||
| 999 |
_c26763 _d26763 |
||